000 00713cam a2200229 4500
008 090401t1995 xxu||||| |||| 00| 0 eng d
020 _a0704905035
035 _a(Sirsi) u24642
041 _aeng
050 _a692.8
_c18
100 _aBennett, John
245 _aTrusting the team
_bthe best practice guide to partnering in construction
260 _aReading
_bCentre for Strategic Studies in Construction
_c1995
300 _aiii, 82p.
_bill.
_c30cm.
350 _a59.95
690 _aProcurement
_96260
700 _aJayes, Sarah
710 _aReading Construction Forum
_93334
710 _aUniversity of Reading
_bCentre for Strategic Studies in Construction
_986
942 _n0
948 _c04/03/1997
999 _c88583
_d88583